LIBRARY ONLINE CATALOGUE

Emergency first aid : (Record no. 6728)

MARC details
000 -LEADER
fixed length control field 00758cam a22002292 4500
001 - CONTROL NUMBER
control field 0000004923
005 - DATE AND TIME OF LATEST TRANSACTION
control field 20151217151945.0
008 - FIXED-LENGTH DATA ELEMENTS--GENERAL INFORMATION
fixed length control field 070604s xx 000 0 eng d
020 ## - INTERNATIONAL STANDARD BOOK NUMBER
International Standard Book Number 0751307076 :
040 ## - CATALOGING SOURCE
Original cataloging agency KABU
Transcribing agency KABU
050 #0 - LIBRARY OF CONGRESS CALL NUMBER
Classification number RC87
Item number .V65 2001 Suppl.
110 2# - MAIN ENTRY--CORPORATE NAME
Corporate name or jurisdiction name as entry element The Voluntary Aid Societies.
-- 0000155880
245 10 - TITLE STATEMENT
Title Emergency first aid :
Statement of responsibility, etc. The Voluntary Aid Societies.
250 ## - EDITION STATEMENT
Edition statement rev. ed.
260 ## - PUBLICATION, DISTRIBUTION, ETC. (IMPRINT)
Place of publication, distribution, etc. London :
Name of publisher, distributor, etc. Dorling Kindersley,
Date of publication, distribution, etc. 2001.
300 ## - PHYSICAL DESCRIPTION
Extent 32 p. :
Other physical details ill. col. ;
Dimensions 22 cm.
650 #0 - SUBJECT ADDED ENTRY--TOPICAL TERM
Topical term or geographic name as entry element First aid in illness and injury.
-- 0000155881
908 ## - PUT COMMAND PARAMETER (RLIN)
Put command parameter 070604
950 ## - LOCAL HOLDINGS (RLIN)
-- 1
Holdings
Withdrawn status Lost status Source of classification or shelving scheme Not for loan Home library Current library Date acquired Total Checkouts Full call number Barcode Date last seen Price effective from Koha item type
    Library of Congress Classification   Kabarak, Main Campus Kabarak, Main Campus 17/12/2015   RC87 .V65 2001 Suppl. 006708 17/12/2015 17/12/2015 General Collection
    Library of Congress Classification   Kabarak, Main Campus Kabarak, Main Campus 17/12/2015   RC87 .V65 2001 Suppl. 006709 17/12/2015 17/12/2015 General Collection